Photo quiz: Towns with weird names - Statistics

General Stats
  • This quiz has been taken 7 times
  • The average score is 7 of 10
Answer Stats
Question Answer % Correct
Horse and Jockey
100%
Wuhu
100%
Juan Emilio O'Leary
86%
Mmathethe
86%
Perm
86%
Kankaanpää
71%
Santa Cruz de Mompox
57%
Gödöllő
57%
Gland
57%
Pimple Saudagar
29%
No matching quizzes found
Score Distribution
Percent of People with Each Score
Percentile by Number Answered
Your Score History
You have not taken this quiz